书目信息 |
| 题名: |
美国的科学技术潜力
|
|
| 作者: | Громека , 格罗梅卡 著 ;李怀先 译 | |
| 分册: | ||
| 出版信息: | 北京 科学出版社 1982 |
|
| 页数: | 166页 | |
| 开本: | 19cm | |
| 丛书名: | ||
| 单 册: | ||
| 中图分类: | N171.2 | |
| 科图分类: | ||
| 主题词: | 自然科学--概况--美国 | |
| 电子资源: | ||
| ISBN: | ||
| 000 | 00912nam0 2200277 45 | |
| 001 | 0182001428 | |
| 005 | 20060809084023.59 | |
| 010 | @dCNY0.85 | |
| 091 | @a17031.160 | |
| 100 | @a19950630d1982 em y0chiy0121 ea | |
| 101 | 1 | @achi@crus |
| 102 | @aCN@b110000 | |
| 105 | @ay z 000yy | |
| 200 | 10 | @a美国的科学技术潜力@Amei guo de ke xue ji shu qian li@f(苏)格罗梅卡(В.М.Громека)著@g李怀先译 |
| 210 | @a北京@c科学出版社@d1982 | |
| 215 | @a166页@d19cm | |
| 300 | @a书名原文:СЩА:научно-технический потенциал | |
| 510 | 1 | @aСЩА:научно-технический потенциал@zrus |
| 606 | @a自然科学@x概况@y美国 | |
| 690 | @aN171.2@v3 | |
| 701 | A1 | @aГромека@bВ.М.@4著 |
| 701 | 1 | @a格罗梅卡@Age luo mei ka@bВ.М.@4著 |
| 702 | 0 | @a李怀先@Ali huai xian@4译 |
| 801 | 2 | @aCN@bNLC@c20060809 |
| 801 | 0 | @aCN@bTSSF |
| 905 | @a10447@dN171.2@e58 | |
| 美国的科学技术潜力/(苏)格罗梅卡(В.М.Громека)著/李怀先译.-北京:科学出版社,1982 |
| 166页;19cm |
| 书名原文:СЩА:научно-технический потенциал |
| ISBN :CNY0.85 |
| ● |
| 相关链接 |
|
|
|
|
正题名:美国的科学技术潜力
索取号:N171.2/58
 
预约/预借
| 序号 | 登录号 | 条形码 | 馆藏地/架位号 | 状态 | 备注 |
| 1 | 0451824 | 204518245 | 密集书库/ [索取号:N171.2/58] | 在馆 | |
| 2 | 0451825 | 204518254 | 密集书库/ [索取号:N171.2/58] | 在馆 |